Marketing a obchod v teórii a praxi elektronický zborník abstraktov z vedeckého workshopu v rámci Týždňa vedy a techniky na Slovensku 2015 : [9. - 15. 11. 2015, Košice, Slovensko]

Gespeichert in:
Bibliographische Detailangaben
Körperschaft: Marketing a obchod v teórii a praxi. Vedecký workshop v rámci Týždňa vedy a techniky na Slovensku 2015
Weitere Verfasser: Gajdoš, Jozef, 1962-2025, Ručinský, Rastislav
Format: Buch
Sprache:Slowakisch
Veröffentlicht: Košice Katedra obchodného podnikania PHF EU 2015
Ausgabe:1. vyd.
Schlagworte:
Tags: Tag hinzufügen
Keine Tags, Fügen Sie das erste Tag hinzu!

MARC

LEADER 00000nlm a2200000 4500
001 0209620
005 20240502073502.0
020 |a 978-80-225-4186-2 
041 0 |a slo 
044 |a SK 
245 1 0 |a Marketing a obchod v teórii a praxi  |b elektronický zborník abstraktov z vedeckého workshopu v rámci Týždňa vedy a techniky na Slovensku 2015 : [9. - 15. 11. 2015, Košice, Slovensko]  |c redakčné a zostavovateľské práce: Jozef Gajdoš, Rastislav Ručinský 
250 |a 1. vyd. 
264 1 |a Košice  |b Katedra obchodného podnikania PHF EU  |c 2015 
300 |a CD-ROM [29 s., 1,45 AH] 
610 2 0 |a marketing 
610 2 0 |a maloobchod 
610 2 0 |a obchod zahraničný 
610 2 0 |a spotrebitelia 
700 1 |a Gajdoš, Jozef, 1962-2025 
700 1 |a Ručinský, Rastislav 
110 2 |a Marketing a obchod v teórii a praxi. Vedecký workshop v rámci Týždňa vedy a techniky na Slovensku 2015